000 00300nam a22001337a 4500
008 171018b xxu||||| |||| 00| 0 eng d
020 _a0697080331
041 _aeng
080 _a338
100 _a53
101 _aMEN
245 _aPRONCIPLES OF MODERN MANAGEMENT
_cBROWN.W.C
942 _2udc
_cBK
999 _c34658
_d34658